[Event "CZE-chT1W 1112"]
[Site "Czech Republic"]
[Date "2012.01.15"]
[Round "6.3"]
[White "Erneker, Josef"]
[Black "Londyn, Radek"]
[Result "1-0"]
[WhiteElo "2251"]
[BlackElo "2373"]
[PlyCount "119"]
[EventDate "2011.10.02"]
[EventType "team-tourn"]
[EventRounds "11"]
[EventCountry "CZE"]
[SourceTitle "EXT 2013"]
[Source "ChessBase"]
[SourceDate "2012.11.22"]
[SourceVersion "1"]
[SourceVersionDate "2012.11.22"]
[SourceQuality "1"]
[WhiteTeam "Praha Oaza"]
[BlackTeam "Lysa nad Labem II"]
[WhiteTeamCountry "CZE"]
[BlackTeamCountry "CZE"]

1. d4 Nf6 2. Nf3 e6 3. g3 b6 4. Bg2 Bb7 5. 0-0 Be7 6. c4 0-0 7. Nc3 Ne4 8. Nxe4 Bxe4 9. d5 Bf6 10. Nd4 Bxg2 11. Kxg2 exd5 12. cxd5 c5 13. Nb5 a6 14. Nc3 d6 15. Ne4 Re8 16. Qc2 Ra7 17. h4 h6 18. Rb1 Qe7 19. Nxf6+ Qxf6 20. b4 Rae7 21. Bb2 Qg6 22. Qxg6 fxg6 23. bxc5 bxc5 24. e3 Re4 25. Bc3 Nd7 26. Rb7 Ne5 27. Rfb1 Nf7 28. Ra7 Ra4 29. Rbb7 Rf8 30. Rb6 Rxa2 31. Rbxa6 Rc2 32. Be1 g5 33. Ra2 Rxa2 34. Rxa2 g4 35. Bc3 h5 36. Ra7 Rb8 37. e4 Rb3 38. Ba1 Rb4 39. Ra8+ Kh7 40. Re8 Rb7 41. Re6 Rd7 42. Bc3 Ra7 43. Re8 Rb7 44. Ba1 Rc7 45. Bc3 Rd7 46. Bb2 Nd8 47. Bc3 Kg6 48. Rg8 c4 49. f4 gxf3+ 50. Kxf3 Nb7 51. Rc8 Nc5 52. e5 Rf7+ 53. Ke3 Re7 54. Rxc5 dxc5 55. d6 Re8 56. Ke4 Rb8 57. e6 Rb6 58. Kd5 Rb3 59. Kxc4 Ra3 60. d7 1-0

[Event "CZE-chT 1112"]
[Site "Czech Republic"]
[Date "2011.12.04"]
[Round "4.7"]
[White "Kalod, Radek"]
[Black "Erneker, Josef"]
[Result "1/2-1/2"]
[WhiteElo "2500"]
[BlackElo "2251"]
[PlyCount "85"]
[EventDate "2011.10.08"]
[EventType "team-tourn"]
[EventRounds "11"]
[EventCountry "CZE"]
[SourceTitle "EXT 2013"]
[Source "ChessBase"]
[SourceDate "2012.11.22"]
[SourceVersion "1"]
[SourceVersionDate "2012.11.22"]
[SourceQuality "1"]
[WhiteTeam "Novoborsky"]
[BlackTeam "Bohemians"]
[WhiteTeamCountry "CZE"]
[BlackTeamCountry "CZE"]

1. e4 e5 2. Nf3 Nc6 3. d4 exd4 4. Nxd4 Bc5 5. Be3 Qf6 6. c3 Nge7 7. g3 d5 8. Bg2 dxe4 9. Nd2 Bxd4 10. cxd4 Nd5 11. Nxe4 Qe7 12. 0-0 Nxe3 13. fxe3 0-0 14. Qf3 Nb4 15. Nc3 c6 16. e4 c5 17. d5 Nc2 18. Rad1 Nd4 19. Qf4 f6 20. Rd2 Re8 21. d6 Qe5 22. Nd5 Rd8 23. Ne7+ Kh8 24. Qxe5 fxe5 25. Nxc8 Raxc8 26. Bh3 Rc6 27. Rdf2 Kg8 28. d7 Rd6 29. Rf7 Nc6 30. Bg4 c4 31. a4 h6 32. h4 b6 33. h5 a6 34. R7f2 Nd4 35. Rf7 Nc6 36. Kg2 b5 37. axb5 axb5 38. Kh3 b4 39. R7f2 Nd4 40. Rc1 Rc6 41. Rcf1 Rd6 42. Rc1 Rc6 43. Rcf1 1/2-1/2

[Event "CZE-chT 1112"]
[Site "Czech Republic"]
[Date "2011.12.03"]
[Round "3.7"]
[White "Erneker, Josef"]
[Black "Kulhanek, Tomas"]
[Result "0-1"]
[WhiteElo "2251"]
[BlackElo "2371"]
[PlyCount "70"]
[EventDate "2011.10.08"]
[EventType "team-tourn"]
[EventRounds "11"]
[EventCountry "CZE"]
[SourceTitle "EXT 2013"]
[Source "ChessBase"]
[SourceDate "2012.11.22"]
[SourceVersion "1"]
[SourceVersionDate "2012.11.22"]
[SourceQuality "1"]
[WhiteTeam "Bohemians"]
[BlackTeam "Turnov Zikuda"]
[WhiteTeamCountry "CZE"]
[BlackTeamCountry "CZE"]

1. d4 Nf6 2. Nf3 e6 3. g3 b5 4. Qd3 b4 5. c4 bxc3 6. Nxc3 Ba6 7. Qc2 d5 8. Bf4 Bd6 9. b4 0-0 10. Rb1 Bxf4 11. gxf4 Qd6 12. Ne5 Nh5 13. b5 Bb7 14. e3 c5 15. bxc6 Bxc6 16. Nb5 Bxb5 17. Bxb5 Nf6 18. 0-0 a5 19. Rfc1 Ra7 20. Qa4 Qd8 21. Bd3 Nbd7 22. Rb5 Nxe5 23. dxe5 Nd7 24. Rc6 Qh4 25. Qd1 f6 26. exf6 Nxf6 27. Qf3 e5 28. Qg3 Qh5 29. fxe5 Qd1+ 30. Bf1 Ne4 31. Qh3 Nxf2 32. Qe6+ Raf7 33. Rc7 Nh3+ 34. Kg2 Qxf1+ 35. Kg3 Qf3+ 0-1

[Event "CZE-chT1W 1112"]
[Site "Czech Republic"]
[Date "2011.11.27"]
[Round "4.4"]
[White "Cesal, Jaroslav"]
[Black "Erneker, Josef"]
[Result "1/2-1/2"]
[WhiteElo "2211"]
[BlackElo "2251"]
[PlyCount "130"]
[EventDate "2011.10.02"]
[EventType "team-tourn"]
[EventRounds "11"]
[EventCountry "CZE"]
[SourceTitle "EXT 2013"]
[Source "ChessBase"]
[SourceDate "2012.11.22"]
[SourceVersion "1"]
[SourceVersionDate "2012.11.22"]
[SourceQuality "1"]
[WhiteTeam "Kozolupy"]
[BlackTeam "Praha Oaza"]
[WhiteTeamCountry "CZE"]
[BlackTeamCountry "CZE"]

1. d4 d5 2. c4 c6 3. cxd5 cxd5 4. Nc3 Nf6 5. Bf4 e6 6. e3 Nc6 7. Be2 Bd7 8. Nf3 Be7 9. 0-0 0-0 10. Ne5 Rc8 11. Rc1 Nxe5 12. Bxe5 Qb6 13. Qb3 Qxb3 14. axb3 Bb4 15. f3 Rfd8 16. Kf2 Kf8 17. Bd3 Ke7 18. g4 h6 19. h4 Ne8 20. g5 hxg5 21. hxg5 f6 22. Bf4 Nd6 23. Rg1 f5 24. Be5 Rg8 25. Rh1 Nf7 26. Bf4 Rh8 27. g6 Rxh1 28. Rxh1 Rh8 29. Ra1 Nd6 30. Rxa7 Bc6 31. Kg2 Kf6 32. Na2 Nc8 33. Ra8 Be7 34. b4 Kxg6 35. b5 Bd7 36. Rb8 b6 37. Nc3 Kf7 38. Bc7 g5 39. Na4 Bd8 40. Bxd8 Rxd8 41. Nxb6 Ke7 42. Nxd7 Kxd7 43. Rb7+ Kd6 44. Rg7 Nb6 45. Kf2 Ra8 46. Rg6 Ke7 47. Rxg5 Ra2 48. Rg7+ Kf6 49. Rb7 Rxb2+ 50. Kg3 Nc4 51. Kf4 Nd6 52. Rd7 Nc4 53. e4 fxe4 54. fxe4 Rf2+ 55. Kg3 Rb2 56. Kg4 Rb4 57. Kf4 dxe4 58. Bxc4 Rxc4 59. Kxe4 Rb4 60. Rb7 Rb1 61. b6 Rb4 62. Ke3 e5 63. d5 Rb3+ 64. Ke2 e4 65. Rh7 Ke5 1/2-1/2

[Event "CZE-chT rap"]
[Site "Pardubice"]
[Date "2011.07.16"]
[Round "4"]
[White "Havlik, Jan"]
[Black "Erneker, Josef"]
[Result "1-0"]
[WhiteElo "1929"]
[BlackElo "2301"]
[PlyCount "121"]
[EventDate "2011.07.14"]
[EventType "team-swiss"]
[EventRounds "7"]
[EventCountry "CZE"]
[SourceTitle "CBM 143 Extra"]
[Source "ChessBase"]
[SourceDate "2011.08.29"]
[SourceVersion "1"]
[SourceVersionDate "2011.08.29"]
[SourceQuality "1"]

1. e4 e5 2. Nf3 Nc6 3. Bb5 Bc5 4. 0-0 Nf6 5. d3 d6 6. c3 Bd7 7. Be3 Bb6 8. Nbd2 0-0 9. Bg5 h6 10. Bh4 a6 11. Ba4 Ba7 12. Bc2 Be6 13. Nc4 Bxc4 14. dxc4 Qe7 15. Nd2 Qe6 16. Qf3 Nd7 17. Rfd1 a5 18. Nf1 g6 19. Kh1 Kg7 20. Ng3 f6 21. a3 Bb6 22. a4 Kh7 23. Nf1 Rae8 24. b3 Bc5 25. Ne3 Bxe3 26. Qxe3 Nc5 27. f3 Qf7 28. Bf2 Ra8 29. Qd2 Ne6 30. Be3 g5 31. g3 b6 32. Rg1 Rg8 33. Raf1 Nc5 34. Qd5 Qd7 35. f4 Raf8 36. fxg5 fxg5 37. Kg2 Ne7 38. Qd1 Kg7 39. Qh5 Rxf1 40. Rxf1 Qe8 41. Qg4 Qc8 42. Qf3 Rf8 43. Qxf8+ Qxf8 44. Rxf8 Kxf8 45. b4 Ne6 46. c5 dxc5 47. bxa5 bxa5 48. Bb3 Kf7 49. Bxc5 Kf6 50. Be3 Nc8 51. Kf3 Nd6 52. Bd5 Nd8 53. h4 N8f7 54. Bd2 Nd8 55. hxg5+ hxg5 56. Kg4 N6f7 57. c4 c6 58. Bxf7 Nxf7 59. c5 Nd8 60. Bxa5 Ne6 61. Bb6 1-0

[Event "CZE-chT2A 1011"]
[Site "Czech Republic"]
[Date "2011.02.20"]
[Round "8"]
[White "Cesal, Jaroslav"]
[Black "Erneker, Josef"]
[Result "1/2-1/2"]
[WhiteElo "2258"]
[BlackElo "2306"]
[PlyCount "160"]
[EventDate "2010.10.17"]
[EventType "team-tourn"]
[EventRounds "11"]
[EventCountry "CZE"]
[SourceTitle "EXT 2012"]
[Source "ChessBase"]
[SourceDate "2011.11.24"]
[SourceVersion "1"]
[SourceVersionDate "2011.11.24"]
[SourceQuality "1"]
[WhiteTeam "Plzen Sokol"]
[BlackTeam "Praha Oaza"]
[WhiteTeamCountry "CZE"]
[BlackTeamCountry "CZE"]

1. d4 d5 2. c4 c6 3. cxd5 cxd5 4. Nc3 Nf6 5. Nf3 Nc6 6. Bf4 Bd7 7. e3 e6 8. Bd3 Be7 9. h3 0-0 10. 0-0 Qb6 11. Qe2 Rfc8 12. Rac1 Be8 13. Rfd1 a6 14. Ne5 Qd8 15. Bb1 b5 16. Bd3 Qb6 17. Nb1 Nb4 18. a3 Nxd3 19. Nxd3 a5 20. b4 axb4 21. axb4 Rc4 22. Nd2 Ra4 23. Nxc4 dxc4 24. Nc5 Rxb4 25. Qd2 Nd5 26. e4 Nxf4 27. Qxb4 Ne2+ 28. Kf1 Nxc1 29. Rxc1 e5 30. Rxc4 exd4 31. Rc1 d3 32. Ke1 Qc6 33. Qd4 d2+ 34. Kxd2 Bg5+ 35. Kd1 Bxc1 36. Kxc1 Kf8 37. Kd2 f6 38. Ke3 Ke7 39. Nd3 Qd6 40. Qa7+ Kf8 41. f4 Qc6 42. Qa3+ Kf7 43. Nc5 Qb6 44. Qb4 g5 45. fxg5 fxg5 46. Qb3+ Ke7 47. Qd5 Qf6 48. Nd3 h6 49. Qb7+ Bd7 50. Qa7 Qc3 51. Qb6 Qf6 52. Qc5+ Qd6 53. Qxd6+ Kxd6 54. Kd4 Be6 55. e5+ Ke7 56. Nc5 b4 57. Nd3 b3 58. Nb2 h5 59. Nd3 h4 60. Nb2 Bf7 61. Nd3 Bg6 62. Nb2 Be8 63. Kd5 Bb5 64. e6 Bf1 65. Ke5 Bxg2 66. Kf5 Bxh3+ 67. Kxg5 Kxe6 68. Kxh4 Bf1 69. Kg3 Kd5 70. Kf2 Bb5 71. Ke3 Kc5 72. Kd2 Kb4 73. Kc1 Bc6 74. Nd1 Bf3 75. Nb2 Be4 76. Kd2 Bf3 77. Nd3+ Ka3 78. Kc3 Bg4 79. Nb4 Be2 80. Nc2+ Ka4 1/2-1/2

[Event "CZE-chT1W 1011"]
[Site "Czech Republic"]
[Date "2010.12.12"]
[Round "5.6"]
[White "Boukal, Petr"]
[Black "Erneker, Josef"]
[Result "0-1"]
[WhiteElo "2210"]
[BlackElo "2306"]
[PlyCount "88"]
[EventDate "2010.10.10"]
[EventType "team-tourn"]
[EventRounds "11"]
[EventCountry "CZE"]
[SourceTitle "EXT 2012"]
[Source "ChessBase"]
[SourceDate "2011.11.24"]
[SourceVersion "1"]
[SourceVersionDate "2011.11.24"]
[SourceQuality "1"]
[WhiteTeam "Praha Vysehrad"]
[BlackTeam "Praha Bohemians"]
[WhiteTeamCountry "CZE"]
[BlackTeamCountry "CZE"]

1. e4 e5 2. Nf3 Nc6 3. Bb5 Bc5 4. 0-0 Qf6 5. d3 h6 6. Be3 Bb6 7. Nc3 Nge7 8. Bxb6 axb6 9. Qd2 0-0 10. a3 d6 11. Bc4 Bg4 12. Ne1 Nd4 13. f3 Be6 14. Ne2 d5 15. Nxd4 exd4 16. Bb3 c5 17. Qe2 Rfe8 18. e5 Qg6 19. c3 Nf5 20. Nc2 c4 21. Ba2 dxc3 22. bxc3 Nh4 23. d4 Bf5 24. Nb4 Bh3 25. Rf2 Rxa3 26. Nxd5 Nxg2 27. Rxg2 Qxg2+ 28. Qxg2 Bxg2 29. Kxg2 Rea8 30. Nb4 Rxc3 31. d5 Kf8 32. d6 Ke8 33. Rf1 Ra4 34. Rb1 b5 35. Kg3 Raa3 36. Rf1 Re3 37. Kf4 g5+ 38. Kg4 Rxe5 39. Bb1 Ra4 40. f4 gxf4 41. Kxf4 Rc5 42. Nc2 c3+ 43. Ke3 Rd5 44. Rf6 Rd1 0-1

[Event "CZE-chT1W 1011"]
[Site "Czech Republic"]
[Date "2010.11.28"]
[Round "4.6"]
[White "Erneker, Josef"]
[Black "Bostl, Frantisek"]
[Result "1/2-1/2"]
[WhiteElo "2306"]
[BlackElo "2205"]
[PlyCount "76"]
[EventDate "2010.10.10"]
[EventType "team-tourn"]
[EventRounds "11"]
[EventCountry "CZE"]
[SourceTitle "EXT 2012"]
[Source "ChessBase"]
[SourceDate "2011.11.24"]
[SourceVersion "1"]
[SourceVersionDate "2011.11.24"]
[SourceQuality "1"]
[WhiteTeam "Praha Bohemians"]
[BlackTeam "Ceske Budejovice"]
[WhiteTeamCountry "CZE"]
[BlackTeamCountry "CZE"]

1. e4 c5 2. c3 d5 3. exd5 Qxd5 4. d4 Nc6 5. Be3 cxd4 6. cxd4 e5 7. Nc3 Bb4 8. dxe5 Qxe5 9. Rc1 Nf6 10. Nf3 Qa5 11. Bc4 0-0 12. 0-0 Bg4 13. Nd5 Nxd5 14. Qxd5 Rad8 15. Qe4 Bxf3 16. Qxf3 Bd2 17. Rc2 Ne5 18. Qxb7 Bxe3 19. fxe3 Nxc4 20. Rxc4 Rb8 21. Qd7 Qxa2 22. Ra4 Qxb2 23. Qxa7 Rb6 24. Raf4 f6 25. Re4 Rb7 26. Qc5 Rd8 27. Qc4+ Kh8 28. Qd5 Rdb8 29. Rd1 h6 30. Red4 Re7 31. Qh5 Qb6 32. Kf2 Rbe8 33. R1d3 Re5 34. Qg6 Qe6 35. Rd6 Rf5+ 36. Ke2 Qe4 37. Qxe8+ Qxe8 38. Rd8 Qxd8 1/2-1/2

[Event "CZE-chT1W 1011"]
[Site "Czech Republic"]
[Date "2010.10.10"]
[Round "1.5"]
[White "Erneker, Josef"]
[Black "Svatos, Jan"]
[Result "0-1"]
[WhiteElo "2306"]
[BlackElo "2267"]
[PlyCount "112"]
[EventDate "2010.10.10"]
[EventType "team-tourn"]
[EventRounds "11"]
[EventCountry "CZE"]
[SourceTitle "EXT 2012"]
[Source "ChessBase"]
[SourceDate "2011.11.24"]
[SourceVersion "1"]
[SourceVersionDate "2011.11.24"]
[SourceQuality "1"]
[WhiteTeam "Praha Bohemians"]
[BlackTeam "Praha Vrsovice"]
[WhiteTeamCountry "CZE"]
[BlackTeamCountry "CZE"]

1. e4 e6 2. d4 d5 3. Nd2 dxe4 4. Nxe4 Bd7 5. Nf3 Bc6 6. Bd3 Bxe4 7. Bxe4 c6 8. 0-0 Nf6 9. Bg5 Be7 10. Bd3 Nbd7 11. Re1 0-0 12. Qe2 Re8 13. Rad1 Nd5 14. Bc1 Qc7 15. h4 Nf8 16. g3 b5 17. c3 a6 18. a4 bxa4 19. c4 Nf6 20. Ne5 c5 21. Bf4 Bd6 22. dxc5 Qxc5 23. Nd7 N6xd7 24. Bxd6 Qb6 25. Bf4 Nc5 26. Bc2 Rac8 27. Rd6 Rc6 28. Red1 e5 29. Rxc6 Qxc6 30. Be3 Nce6 31. Ra1 Nf4 32. gxf4 exf4 33. Bxa4 Qg6+ 34. Kf1 Re6 35. h5 Qf6 36. Ra3 fxe3 37. Rxe3 Rxe3 38. Qxe3 Qxb2 39. Bc6 Qc2 40. Bd5 Qd1+ 41. Qe1 Qxe1+ 42. Kxe1 Ne6 43. Kd2 Kf8 44. Kc3 Ke7 45. Kb4 Nf4 46. Bf3 Nd3+ 47. Ka5 Kd6 48. Kxa6 Kc5 49. Be4 Nxf2 50. Bxh7 Ng4 51. Bg8 f5 52. Kb7 Nf6 53. Be6 f4 54. Kc7 f3 55. Bh3 Nxh5 56. Kd7 Nf4 0-1

[Event "Prague Holiday M21"]
[Site "Prague"]
[Date "2010.07.27"]
[Round "4"]
[White "Erneker, Josef"]
[Black "Dock, Lars"]
[Result "1-0"]
[WhiteElo "2298"]
[BlackElo "2109"]
[PlyCount "54"]
[EventDate "2010.07.25"]
[EventType "tourn"]
[EventRounds "9"]
[EventCountry "CZE"]
[SourceTitle "EXT 2023"]
[Source "ChessBase"]
[SourceDate "2022.10.05"]
[SourceVersion "1"]
[SourceVersionDate "2022.10.05"]
[SourceQuality "1"]

1. e4 c6 2. d4 d5 3. e5 c5 4. Bd3 Nc6 5. Nf3 Bg4 6. c3 e6 7. Nbd2 Qb6 8. Qa4 Nh6 9. 0-0 Bf5 10. Be2 Be7 11. dxc5 Bxc5 12. Nb3 Be7 13. Be3 Qc7 14. Nbd4 Be4 15. Bb5 0-0 16. Bxc6 Bxf3 17. gxf3 bxc6 18. Bxh6 gxh6 19. Nxc6 Bg5 20. h4 Be7 21. Kh1 Kh8 22. Rg1 Rg8 23. Rxg8+ Rxg8 24. Qxa7 Qxc6 25. Qxe7 d4 26. Qf6+ Rg7 27. Rg1 Qxf3+ 1-0

[Event "Prague Holiday M21"]
[Site "Prague"]
[Date "2010.07.25"]
[Round "2"]
[White "Erneker, Josef"]
[Black "Novak, Jindrich"]
[Result "1-0"]
[WhiteElo "2298"]
[BlackElo "2170"]
[PlyCount "75"]
[EventDate "2010.07.25"]
[EventType "tourn"]
[EventRounds "9"]
[EventCountry "CZE"]
[SourceTitle "EXT 2023"]
[Source "ChessBase"]
[SourceDate "2022.10.05"]
[SourceVersion "1"]
[SourceVersionDate "2022.10.05"]
[SourceQuality "1"]

1. e4 d6 2. d4 e5 3. Nf3 Nc6 4. Bb5 Bg4 5. Be3 a6 6. Bxc6+ bxc6 7. Nc3 f6 8. h3 Bh5 9. Qe2 Qb8 10. Qc4 Ne7 11. 0-0-0 Bf7 12. Qa4 Qb7 13. Rd2 Rb8 14. b3 Nc8 15. d5 Ne7 16. Kb2 g6 17. dxc6 Qxc6 18. Qxc6+ Nxc6 19. Nd5 Bxd5 20. Rxd5 Rb5 21. c4 Rxd5 22. cxd5 Ne7 23. Rc1 Kd7 24. Nd2 c6 25. dxc6+ Nxc6 26. Nc4 Bg7 27. Rd1 Nd4 28. Bxd4 exd4 29. Rxd4 f5 30. e5 Kc7 31. Rxd6 f4 32. Rxa6 Kb7 33. Re6 Rg8 34. b4 g5 35. Kb3 Bf8 36. Re8 h5 37. e6 h4 38. e7 1-0

[Event "Klatovy op"]
[Site "Klatovy"]
[Date "2010.07.11"]
[Round "9"]
[White "Hausner, Ivan"]
[Black "Erneker, Josef"]
[Result "1-0"]
[WhiteElo "2460"]
[BlackElo "2282"]
[PlyCount "49"]
[EventDate "2010.07.03"]
[EventType "swiss"]
[EventRounds "9"]
[EventCountry "CZE"]
[SourceTitle "CBM 137 Extra"]
[Source "ChessBase"]
[SourceDate "2010.09.01"]
[SourceVersion "1"]
[SourceVersionDate "2010.09.01"]
[SourceQuality "1"]

1. d4 d5 2. c4 e6 3. Nf3 Nf6 4. g3 c6 5. Bg2 Ne4 6. 0-0 Nd7 7. b3 f5 8. Bb2 Bd6 9. Nc3 0-0 10. Nxe4 fxe4 11. Ne1 Qg5 12. Qc1 Qh5 13. f3 Rf6 14. Ba3 Bc7 15. fxe4 Rh6 16. h3 dxe4 17. Qe3 Rg6 18. Qxe4 Nf6 19. g4 Qh4 20. Nf3 Qg3 21. Ne5 Rg5 22. Rf3 Qh4 23. Raf1 a5 24. Be7 h5 25. Bxf6 1-0

[Event "Klatovy op"]
[Site "Klatovy"]
[Date "2010.07.10"]
[Round "8"]
[White "Erneker, Josef"]
[Black "Neuman, Petr"]
[Result "1/2-1/2"]
[WhiteElo "2282"]
[BlackElo "2439"]
[PlyCount "20"]
[EventDate "2010.07.03"]
[EventType "swiss"]
[EventRounds "9"]
[EventCountry "CZE"]
[SourceTitle "CBM 137 Extra"]
[Source "ChessBase"]
[SourceDate "2010.09.01"]
[SourceVersion "1"]
[SourceVersionDate "2010.09.01"]
[SourceQuality "1"]

1. e4 d6 2. d4 Nf6 3. Nc3 e5 4. Nf3 Nbd7 5. Bc4 Be7 6. Ng5 0-0 7. Bxf7+ Rxf7 8. Ne6 Qe8 9. Nxc7 Qd8 10. Nxa8 b5 1/2-1/2

[Event "Klatovy op"]
[Site "Klatovy"]
[Date "2010.07.07"]
[Round "5"]
[White "Kuba, Stanislav"]
[Black "Erneker, Josef"]
[Result "0-1"]
[WhiteElo "2232"]
[BlackElo "2282"]
[PlyCount "68"]
[EventDate "2010.07.03"]
[EventType "swiss"]
[EventRounds "9"]
[EventCountry "CZE"]
[SourceTitle "CBM 137 Extra"]
[Source "ChessBase"]
[SourceDate "2010.09.01"]
[SourceVersion "1"]
[SourceVersionDate "2010.09.01"]
[SourceQuality "1"]

1. d4 d5 2. Nf3 Nf6 3. g3 c6 4. Bg2 Nbd7 5. 0-0 e6 6. b3 Bd6 7. Bb2 Ne4 8. Nbd2 0-0 9. Nxe4 dxe4 10. Nd2 f5 11. e3 Qg5 12. Nc4 Bc7 13. Ba3 Rd8 14. Qe2 a5 15. f3 b5 16. fxe4 bxc4 17. exf5 Ba6 18. fxe6 cxb3 19. c4 b2 20. Bxb2 Nb6 21. Rac1 Nd5 22. Ba3 Re8 23. Bxd5 cxd5 24. Qf3 Bxc4 25. Qf7+ Kh8 26. Rf3 Be2 27. Rf2 Bxg3 28. Rxe2 Bd6+ 29. Rg2 Qxe3+ 30. Kh1 Re7 31. Rcg1 Rxf7 32. exf7 Qxg1+ 33. Kxg1 Bxa3 34. Re2 Rf8 0-1

[Event "CZE-chT2C 0910"]
[Site "Czech Republic"]
[Date "2010.04.18"]
[Round "11.3"]
[White "Polak, Benedikt"]
[Black "Erneker, Josef"]
[Result "1/2-1/2"]
[WhiteElo "2083"]
[BlackElo "2283"]
[PlyCount "47"]
[EventDate "2009.10.18"]
[EventType "team-tourn"]
[EventRounds "11"]
[EventCountry "CZE"]
[SourceTitle "EXT 2011"]
[Source "ChessBase"]
[SourceDate "2010.11.26"]
[SourceVersion "1"]
[SourceVersionDate "2010.11.26"]
[SourceQuality "1"]
[WhiteTeam "Liberec"]
[BlackTeam "Praha Oaza"]
[WhiteTeamCountry "CZE"]
[BlackTeamCountry "CZE"]

1. d4 d5 2. c4 c6 3. Nc3 Nf6 4. e3 e6 5. Nf3 Nbd7 6. Qc2 Bd6 7. b3 e5 8. cxd5 cxd5 9. dxe5 Nxe5 10. Be2 Bd7 11. 0-0 Rc8 12. Bb2 Ne4 13. Rac1 0-0 14. Qd1 Bc6 15. Nxe4 Nxf3+ 16. Bxf3 dxe4 17. Be2 Qe7 18. Bc4 Kh8 19. Qh5 f5 20. Rfd1 Rcd8 21. h4 Be8 22. Qg5 Qxg5 23. hxg5 Bc6 24. g3 1/2-1/2

[Event "CZE-chT2C 0910"]
[Site "Czech Republic"]
[Date "2010.02.28"]
[Round "8.2"]
[White "Erneker, Josef"]
[Black "Bartos, Jan"]
[Result "1-0"]
[WhiteElo "2283"]
[BlackElo "2249"]
[PlyCount "51"]
[EventDate "2009.10.18"]
[EventType "team-tourn"]
[EventRounds "11"]
[EventCountry "CZE"]
[SourceTitle "EXT 2011"]
[Source "ChessBase"]
[SourceDate "2010.11.26"]
[SourceVersion "1"]
[SourceVersionDate "2010.11.26"]
[SourceQuality "1"]
[WhiteTeam "Praha Oaza"]
[BlackTeam "Praha Dukla"]
[WhiteTeamCountry "CZE"]
[BlackTeamCountry "CZE"]

1. e4 e5 2. f4 d5 3. exd5 exf4 4. Bb5+ c6 5. dxc6 Nxc6 6. d4 Qb6 7. c4 Bd7 8. Nf3 0-0-0 9. Nc3 Nf6 10. Bxf4 Bg4 11. d5 a6 12. Bxc6 bxc6 13. Qb3 Qxb3 14. axb3 cxd5 15. Rxa6 Kb7 16. Ra5 Bxf3 17. gxf3 dxc4 18. bxc4 Rd4 19. Be3 Rxc4 20. Kf2 Bb4 21. Rb5+ Kc6 22. Rb6+ Kc7 23. Ra1 Bxc3 24. Ra7+ Kd8 25. Rb8+ Rc8 26. Bb6+ 1-0

[Event "Pardubice tt"]
[Site "Pardubice"]
[Date "2009.07.17"]
[Round "3"]
[White "Kovar, Vojtech"]
[Black "Erneker, Josef"]
[Result "1-0"]
[WhiteElo "2328"]
[BlackElo "2291"]
[PlyCount "72"]
[EventDate "2009.07.16"]
[EventType "team-swiss"]
[EventRounds "7"]
[EventCountry "CZE"]
[SourceTitle "EXT 2010"]
[Source "ChessBase"]
[SourceDate "2010.11.25"]
[SourceVersion "1"]
[SourceVersionDate "2010.11.25"]
[SourceQuality "1"]

1. c4 c5 2. Nf3 Nf6 3. g3 g6 4. Bg2 Bg7 5. 0-0 d5 6. cxd5 Nxd5 7. Nc3 Nc6 8. Qb3 Nc7 9. Ng5 Ne6 10. Nxe6 fxe6 11. d3 Qd7 12. Qb5 Nd4 13. Qxc5 b6 14. Qg5 Bb7 15. Bxb7 Qxb7 16. Be3 Nf5 17. Qg4 Kf7 18. Rac1 h5 19. Qc4 h4 20. Ne4 Bf6 21. g4 Rac8 22. Qb3 Nd6 23. Nxd6+ exd6 24. h3 d5 25. Qb4 Qb8 26. Qd2 Qe5 27. d4 Qd6 28. Rfd1 Qe7 29. Bf4 Rhd8 30. Qe3 Qb4 31. Bc7 Rd7 32. Rc6 Re8 33. Be5 Bxe5 34. Qxe5 Qxb2 35. Rd3 Rde7 36. Kg2 Kg8 1-0

[Event "Prague Cup"]
[Site "Prague"]
[Date "2007.11.20"]
[Round "7"]
[White "Erneker, Josef"]
[Black "Smid, Miroslav"]
[Result "0-1"]
[WhiteElo "2217"]
[BlackElo "2215"]
[PlyCount "80"]
[EventDate "2007.10.09"]
[EventType "swiss"]
[EventRounds "9"]
[EventCountry "CZE"]
[SourceTitle "EXT 2010"]
[Source "ChessBase"]
[SourceDate "2010.11.25"]
[SourceVersion "1"]
[SourceVersionDate "2010.11.25"]
[SourceQuality "1"]

1. d4 Nf6 2. c4 e6 3. Nf3 d5 4. g3 c6 5. Nbd2 Be7 6. Bg2 dxc4 7. Nxc4 b5 8. Nce5 0-0 9. 0-0 Bb7 10. Qc2 Qb6 11. Nd3 Nbd7 12. b4 a5 13. Bd2 axb4 14. Bxb4 Bxb4 15. Nxb4 c5 16. dxc5 Nxc5 17. Ne5 Bxg2 18. Kxg2 Rfd8 19. Rad1 Rac8 20. Nec6 Rxc6 21. Rxd8+ Qxd8 22. Nxc6 Qd5+ 23. f3 Qxc6 24. Rd1 Qb6 25. e4 h6 26. h4 b4 27. Qc4 Qa5 28. Rd4 b3 29. axb3 Qa2+ 30. Kh3 Qa1 31. Rd2 Qh1+ 32. Rh2 Qxf3 33. Qxc5 Nxe4 34. Qc8+ Kh7 35. Rg2 Nf2+ 36. Kh2 Ng4+ 37. Kh3 Ne3 38. Rg1 Qf5+ 39. Kh2 Qf2+ 40. Kh1 Ng4 0-1

[Event "Prague Cup"]
[Site "Prague"]
[Date "2007.10.22"]
[Round "3"]
[White "Erneker, Josef"]
[Black "Seleljo, Daniel"]
[Result "0-1"]
[WhiteElo "2217"]
[BlackElo "2259"]
[PlyCount "108"]
[EventDate "2007.10.09"]
[EventType "swiss"]
[EventRounds "9"]
[EventCountry "CZE"]
[SourceTitle "EXT 2010"]
[Source "ChessBase"]
[SourceDate "2010.11.25"]
[SourceVersion "1"]
[SourceVersionDate "2010.11.25"]
[SourceQuality "1"]

1. c4 c6 2. Nc3 d5 3. cxd5 cxd5 4. d4 Nf6 5. Bg5 Nc6 6. e3 Qb6 7. Qd2 e6 8. Bd3 Bd7 9. Nge2 h6 10. Bh4 Be7 11. 0-0 g5 12. Bg3 Nh5 13. Nc1 f5 14. Be5 Nxe5 15. dxe5 g4 16. Be2 Bc6 17. h3 Bg5 18. Nd1 d4 19. Qxd4 Qxd4 20. exd4 Bxc1 21. Rxc1 Nf4 22. Re1 gxh3 23. g3 Nxe2+ 24. Rxe2 h5 25. Ne3 Rd8 26. Rd2 Rh7 27. Kh2 h4 28. Nc4 hxg3+ 29. fxg3 Kf7 30. Na5 Bd5 31. Rc7+ Kg6 32. Rxh7 Kxh7 33. b3 b5 34. Rc2 Rd7 35. Rc5 a6 36. Rc8 Bg2 37. Nc6 a5 38. a3 b4 39. a4 Kg6 40. Nd8 Bd5 41. Nc6 Bxb3 42. Nxa5 Bd5 43. Rg8+ Kh5 44. Rb8 Ra7 45. Rb5 Kg4 46. Rc5 Kf3 47. Nc4 Rxa4 48. Kxh3 Ra8 49. Kh4 Rb8 50. Kg5 b3 51. Rxd5 exd5 52. Nd2+ Ke3 53. Nxb3 Rxb3 54. e6 Kxd4 0-1